MDQL
is popping MORE tags! Check the
thread
!
Quizzes
Events
Quiz Creation
Community
Videos
Private Events
Remove Ads
Sign In
Join for FREE
Feedback
Dark Mode
Quiz Categories
Sports
Geography
Music
Movies
Television
Just For Fun
Miscellaneous
History
Literature
Language
Science
Gaming
Entertainment
Religion
Holiday
For Kids
Quiz Lab
Recent
Popular Today
Quiz Kudos Today
Editor Picks
Curator Picks
Quizzes by...
Day
Popularity
Type
Ratings
Length
Year
Community
Subscriptions
Recent Discussions
Orange Saloon
Badges
Playlists
Quests
Create
Leaderboards
Showdown
Live 5
Trivia Bingo
Activity
Puzzle Library
Sporcle Events
Private Events
Virtual Trivia
Globe League
Become a Host
Pub Owners
SporcleCon
Opinionation
Our Games
Videos
Blog
Mobile Apps
Partnerships
Remove Ads and Go Orange
Feedback
Music
Pop Music
The Beatles
Song
Album
Lyrics
Bands
Singers
Artist
Clip
Rock
Rap
Classical
Billboard
Country Music
Kpop
Taylor Swift
Music
Pop Music
The Beatles
Song
Album
Lyrics
Bands
Singers
Artist
Clip
Rock
Rap
Classical
Billboard
Country Music
Kpop
Taylor Swift
Random Quiz
Search Sporcle
×
Quiz Lab
Quiz Lab
Music
Artist
Type answers that correspond to images
Type answers that correspond to images
Picture Box
Best Score? Go Orange.
Artists on Billboard Year-End Hot 25 singles of 1968 Stats
Can you name the artist in Billboard Year-End Hot 25 singles of 1968?
By
mucciniale
5m
25 Questions
1,106 Plays
1,106 Plays
1,106 Plays
Comments
Comments
Give Quiz Kudos
Give Quiz Kudos
-
- Ratings
hide this ad
Replay
Link that replays current quiz
Next Quiz
Link to next quiz in quiz playlist
You Got
0%
They Got
Avg Score
39%
Avg Friend Score
Upgrade to see
Score Distribution
Jump to the score distribution portion of the page
Score
0/25
Timer
05:00
1
Play Today
Song
Artist
% Correct
1 -
Hey Jude
The Beatles
98.3%
9 -
Mrs. Robinson
Simon & Garfunkel
91.5%
14 -
Hello, I Love You
The Doors
88.6%
4 -
(Sittin' On) The Dock of the Bay
Otis Redding
86.3%
6 -
Sunshine of Your Love
Cream
70.8%
20 -
Dance to the Music
Sly & the Family Stone
52.6%
13 -
Mony Mony
Tommy James and the Shondells
45.5%
22 -
I Wish It Would Rain
The Temptations
39%
17 -
Stoned Soul Picnic
The 5th Dimension
38.7%
3 -
Honey
Bobby Goldsboro
38.6%
15 -
Young Girl
Gary Puckett & The Union Gap
35.5%
11 -
Harper Valley PTA
Jeannie C. Riley
34.7%
7 -
This Guy's in Love With You
Herb Alpert
34.3%
Song
Artist
% Correct
19 -
Midnight Confessions
The Grass Roots
26.1%
5 -
People Got to Be Free
The Rascals
25.8%
10 -
Tighten Up
Archie Bell & the Drells
25.2%
2 -
Love is Blue
Paul Mauriat
22.5%
16 -
Cry Like a Baby
The Box Tops
21.4%
12 -
Little Green Apples
O.C.Smith
18.5%
18 -
Grazing in the Grass
Hugh Masekela
16.8%
25 -
Judy in Disguise (With Glasses)
John Fred & His Playboy Band
16.8%
23 -
La-
La (Means I Love You)
The Delfonics
16.6%
8 -
The Good, the Bad and the Ugly
Hugo Montenegro
15.2%
24 -
Turn Around, Look at Me
The Vogues
11%
21 -
The Horse
Cliff Nobles
9.2%
Quiz Playlist
Details
Report
Send in Message
Add To Playlist
Picture Box:
Type answers that correspond to images
Quiz Source
Last Updated: Aug 13, 2020
Quiz Scoreboard
CHALLENGE
Sign Up to Join the Scoreboard
Show All
Scores
Hide
Comments
May contain spoilers
Recently Published
1-10 Letter E Words III
by El_Dandy
Language
2m
Street Fighter Characters
by Artimus82
Gaming
60s
College Basketball Coaching Resumes
by pancakes188
Sports
9m
More to Explore
Quiz From the Vault
Featured Blog Post
Where Did the Easter Bunny Come From?
hide this ad
You Might Also Like...
Tags
Artist Quiz
Billboard Quiz
Singers Quiz
1968
Lead Singers
Picture Box
Top Singles
Today's Top Quizzes in Music
Browse Music
hide this ad
Today's Top Quizzes in Artist
Browse Artist
Top Contributed Quizzes in Music
1
Taylor Swift All Songs (2024)
2
Taylor Swift Logic Puzzle
3
Guess the Artist- 70s Songs
4
7-to-1: Billboard Hot 100 #1 Hits of 2010s
5
Sorting Albums and Songs
6
Billboard Blitz: Aretha Franklin
7
KPOP LOGIC QUIZ
8
Guess the Taylor Swift song (Mystery Song)
9
Guess The Taylor Swift Lyrics Song #1
10
Billboard Blitz: ABBA
Explore More
Trending Topics
Harry Potter
Anime
Disney
Marvel
NBA
Kpop
Crossword
WWE
NFL
Country
Song
The Office
Soccer
Pokémon
Puzzle
hide this ad
More By:
mucciniale
Quiz
Plays
Rating
Category
Featured
Created
United States Physical Geography
112,873
4.75
Geography
Jun 24, 2020
Famous British Men in Movies
69,587
4.73
History
Jun 1, 2020
2019 Oscar Nominees Movie Posters
63,507
4.75
Movies
Jun 28, 2020
2014 Oscar Nominees Movie Posters
60,313
4.80
Movies
Jul 8, 2020
2012 Oscar Nominees Movie Posters
54,901
4.73
Movies
Jul 13, 2020
Go to Creator's Profile
Score Distribution
Quiz Creator Spotlight
mucciniale
Follow
Send a Message
Quizzes Created
-
Created Quiz Play Count
-
More By This Creator
Popular Quizzes Today
1
Find the US States - No Outlines Minefield
2
Find the Countries of Europe - No Outlines Minefield
3
The Countries of the World
4
Find the US States
5
Risky Map Clicking: Biggest States A-Z
6
US States
7
Popular People in 1961
8
Movies - When Are They Set?
More Music Quizzes
'Africa' Lyrics
Published
Trending Quizzes
Risky Map Clicking: Least Populous States A-Z
Billboard Blitz: Aretha Franklin
Famous Russians: Author or Composer?
1-10 Letter G Words
Countries of the World: 200 Million BC
Recently Updated
Leaping Animals
pecheneg
Reality TV Shows (A-Z)
bhenderson79
Rickey Henderson's Hall of Fame Teammates
pecheneg
Champions League XIs: Arsenal
pecheneg
Quick Pick: Celebrities in WWE's Hall of Fame
aduchscher
A-Z Keypad Blitz II
pecheneg
Multiple Oscar Actors
pecheneg
Mystery Phrase Blitz: Oscar 'Best Actors'
pecheneg
F. Scott Fitzgerald Novels
LTH
Pick 3 Villains
ddd62291
Trending Topics
NBA
Marvel
Crossword
Disney
Anime
Kpop
Harry Potter
Song
Puzzle
Country
NFL
Pokémon
WWE
Soccer
The Office
Your Account Isn't Verified!
In order to create a playlist on Sporcle, you need to verify the email address you used during registration. Go to your
Sporcle Settings
to finish the process.
Report this User
Report this user for behavior that violates our
Community Guidelines
.
Details:
Send Report
Go to the Sporcle.com Mobile Site →
Comments